000 00377nam a2200133Ia 4500
003 GCL
008 140319s9999 xx 000 0 ara d
040 _aGCL /
_cGCL
082 0 4 _a227
_bط ت
245 1 0 _aتفسير الطبرى المسمى جامع البيان فى تأويل القرأن
260 _a[S.N] :
_bدار الكتب ،
_c1992
300 _a638 ص
490 _a
999 _c53411
_d53411